书目信息 |
| 题名: |
英语
|
|
| 作者: | 本书编写组编 | |
| 分册: | ||
| 出版信息: | 北京 高等教育出版社 2014 |
|
| 页数: | 204页 | |
| 开本: | 26cm | |
| 丛书名: | ||
| 单 册: | ||
| 中图分类: | H319.39 | |
| 科图分类: | ||
| 主题词: | 英语--成人高等学校--升学参考资料 | |
| 电子资源: | ||
| ISBN: | 978-7-04-032521-8 | |
| 000 | 00928nam0 2200241 450 | |
| 001 | 338129 | |
| 005 | 20150601103336.04 | |
| 010 | @a978-7-04-032521-8@dCNY27.00 | |
| 100 | @a20140804d2014 em y0chiy50 ea | |
| 101 | 0 | @achi@aeng |
| 102 | @aCN@b110000 | |
| 105 | @ay z 000yy | |
| 106 | @ar | |
| 200 | 1 | @a英语@Aying yu@f本书编写组编 |
| 205 | @a第11版 | |
| 210 | @a北京@c高等教育出版社@d2014 | |
| 215 | @a204页@d26cm | |
| 300 | @a全国各类成人高考复习考试辅导教材(专科起点升本科) 2014高教版 | |
| 330 | @a本书按照《全国各类成人高等学校招生复习考试大纲 (专科起点升本科) 》大纲要求, 总结历年考试要点, 精讲难点, 章节的编排顺序按照试卷顺序, 即语音、语法与词汇、完形填空、阅读理解、补全对话及短文写作。语法讲解内容按照大纲列出的内容, 即词法、句法、构词法。每个章节之后都附有练习。 | |
| 606 | 0 | @a英语@x成人高等学校@j升学参考资料 |
| 690 | @aH319.39@v5 | |
| 801 | 0 | @aCN@b卓展宏图@c20150525 |
| 905 | @dH319.39@e109=11@f4 | |
| 英语/本书编写组编.-第11版.-北京:高等教育出版社,2014 |
| 204页;26cm |
| 全国各类成人高考复习考试辅导教材(专科起点升本科) 2014高教版 |
| ISBN 978-7-04-032521-8:CNY27.00 |
| 本书按照《全国各类成人高等学校招生复习考试大纲 (专科起点升本科) 》大纲要求, 总结历年考试要点, 精讲难点, 章节的编排顺序按照试卷顺序, 即语音、语法与词汇、完形填空、阅读理解、补全对话及短文写作。语法讲解内容按照大纲列出的内容, 即词法、句法、构词法。每个章节之后都附有练习。 |
| ● |
| 相关链接 |
|
|
|
|
正题名:英语
索取号:H319.39/109=11
 
预约/预借
| 序号 | 登录号 | 条形码 | 馆藏地/架位号 | 状态 | 备注 |
| 1 | 857471 | 208574719 | 第二样本阅览室/ [索取号:H319.39/109=11] | 在馆 | |
| 2 | 857472 | 208574728 | 第四借阅区/ [索取号:H319.39/109=11] | 在馆 | |
| 3 | 857473 | 208574737 | 第四借阅区/ [索取号:H319.39/109=11] | 在馆 | |
| 4 | 857474 | 208574746 | 第四借阅区/ [索取号:H319.39/109=11] | 在馆 |